000
00295nam a22001337a 4500
020
_a
0-440-22504-3
082
_a
823
_b
ROB/M
100
_a
ROBARDS,KAREN
245
_a
THE MIDNIGHT HOUR
260
_a
NEW YORK
_b
DELL PUBLISHING
300
_a
454
650
_a
ENGLISH NOVEL
_z
NEW YORK
942
_c
BK
999
_c
3316
_d
3316